00298nam a2200109Ia 4500082002000000245004100020260004100061300001100102504001400113650003400127700002700161 aRR 491.433 GYA; 0aGyan sabdh kosh: sabdh sankiya 72555 aBanarasbGyanmandal Publishersc1986 a1006p. aRef. book aHindi language - Dictionaries aShrivastav, Mukundilal